000 00223nam a22000857a 4500
008 170110b xxu||||| |||| 00| 0 eng d
100 _92304
_aPandey.V.K.etal
245 _aInformation Technology-VI
260 _aNew Delhi
_bAPC
_c2011
999 _c5210
_d5210